| 000 | 00898nam a2200241Ia 4500 | ||
|---|---|---|---|
| 003 | OSt | ||
| 005 | 20220923225322.0 | ||
| 006 | a|||||r|||| 00| 0 | ||
| 007 | ta | ||
| 008 | 220922b |||||||| |||| 00| 0 hin d | ||
| 024 | _a263,458 | ||
| 037 | _cTextual | ||
| 040 |
_aARTS _cARTS _bhin |
||
| 041 |
_2hin _ahin |
||
| 082 | _aMY26, 152M9 | ||
| 100 | _aश्रीवास्तव, अभयकुमार | ||
| 245 | 0 | _aटैªक एण्ड फील्ड - प्रदर्शन का अध्ययन | |
| 246 | _aṬaiªk eṇḍa fīlḍa - pradarshan kā adhyayana | ||
| 260 |
_aअमरावती _b श्री हनुमान व्यायाम प्रसारक मंडल _c1989 |
||
| 300 |
_a178पृ. _ccm. |
||
| 942 |
_hMY26, 152M9 _cTEXL _2CC |
||
| 999 |
_c377555 _d377555 |
||